[Event "SVK-chT2B 1819"]
[Site "Slovakia"]
[Date "2019.03.02"]
[Round "8.7"]
[White "Szakall, Alexander"]
[Black "Miciak, Emanuel"]
[Result "1/2-1/2"]
[WhiteElo "1811"]
[BlackElo "1846"]
[PlyCount "39"]
[EventDate "2018.10.13"]
[EventType "team-tourn"]
[EventRounds "11"]
[EventCountry "SVK"]
[SourceTitle "CBM 189 Extra"]
[Source "ChessBase"]
[SourceDate "2019.06.03"]
[SourceVersion "1"]
[SourceVersionDate "2019.06.03"]
[SourceQuality "1"]
[WhiteTeam "Surany"]
[BlackTeam "Nemsova Horne Srnie"]
[WhiteTeamCountry "SVK"]
[BlackTeamCountry "SVK"]

1. c4 c6 2. Nc3 d5 3. cxd5 cxd5 4. d4 Nf6 5. Nf3 e6 6. Bg5 Be7 7. e3 0-0 8. Bd3 h6 9. Bh4 Nc6 10. 0-0 Bd7 11. Rc1 Rc8 12. Bb1 Nh5 13. Bxe7 Nxe7 14. Ne5 Nf6 15. f4 g6 16. g4 Kg7 17. Qf3 h5 18. g5 Ne8 19. Rc2 Nd6 20. Rcf2 1/2-1/2

[Event "SVK-chT1W 1516"]
[Site "Slovakia"]
[Date "2016.02.20"]
[Round "8.6"]
[White "Jablonicky, Martin"]
[Black "Szakall, Alexander"]
[Result "1-0"]
[WhiteElo "2193"]
[BlackElo "1928"]
[PlyCount "81"]
[EventDate "2015.10.24"]
[EventType "team-tourn"]
[EventRounds "11"]
[EventCountry "SVK"]
[SourceTitle "EXT 2017"]
[Source "ChessBase"]
[SourceDate "2016.10.25"]
[SourceVersion "1"]
[SourceVersionDate "2016.10.25"]
[SourceQuality "1"]
[WhiteTeam "Osuske"]
[BlackTeam "Nitra Trogar"]
[WhiteTeamCountry "SVK"]
[BlackTeamCountry "SVK"]

1. e4 d6 2. d4 Nf6 3. Nc3 g6 4. f4 Bg7 5. Nf3 0-0 6. Bd3 c6 7. e5 Nd5 8. Nxd5 cxd5 9. h4 Bg4 10. h5 Nc6 11. c3 e6 12. Qc2 Ne7 13. hxg6 fxg6 14. Ng5 h6 15. Nh3 Nf5 16. Nf2 Ng3 17. Rh2 Bf5 18. Qd1 Ne4 19. Bxe4 Bxe4 20. Nxe4 dxe4 21. Qg4 dxe5 22. Qxe6+ Kh7 23. fxe5 Qe8 24. Qg4 Qf7 25. Qe2 Qf5 26. Be3 g5 27. g4 Qf3 28. Qxf3 Rxf3 29. Ke2 Raf8 30. Bxg5 Kg6 31. Be3 Rg3 32. Rah1 Rff3 33. Bxh6 Rxg4 34. Bxg7 Kxg7 35. Rf1 Rfg3 36. e6 e3 37. Rf3 Rxf3 38. Kxf3 Rg6 39. Rg2 Rxg2 40. Kxg2 Kf6 41. d5 1-0

[Event "SVK-chT1W 1516"]
[Site "Slovakia"]
[Date "2015.11.15"]
[Round "4.7"]
[White "Szakall, Alexander"]
[Black "Kutny, Marian"]
[Result "1/2-1/2"]
[WhiteElo "1959"]
[BlackElo "1980"]
[PlyCount "89"]
[EventDate "2015.10.24"]
[EventType "team-tourn"]
[EventRounds "11"]
[EventCountry "SVK"]
[SourceTitle "CBM 170 Extra"]
[Source "ChessBase"]
[SourceDate "2016.02.25"]
[SourceVersion "1"]
[SourceVersionDate "2016.02.25"]
[SourceQuality "1"]
[WhiteTeam "Nitra Trogar"]
[BlackTeam "Dubnica nad Vahom"]
[WhiteTeamCountry "SVK"]
[BlackTeamCountry "SVK"]

1. c4 e5 2. Nc3 Nf6 3. g3 d5 4. cxd5 Nxd5 5. Bg2 c6 6. d3 Be6 7. Nf3 Bd6 8. Ng5 Nxc3 9. bxc3 Qe7 10. Nxe6 Qxe6 11. Qb3 Qxb3 12. axb3 Nd7 13. b4 0-0 14. 0-0 a6 15. Bd2 Nf6 16. c4 h6 17. Rfb1 Rfb8 18. Rb3 Rc8 19. Bc3 Rd8 20. Rab1 Rd7 21. Bh3 Re7 22. Bg2 Rd7 23. Bh3 Re7 24. Bg2 Rd7 25. Ra1 Rdd8 26. Rba3 Rab8 27. Rb3 Ra8 28. Rba3 Rab8 29. Ra5 Re8 30. R5a2 Re7 31. Rb2 Rc8 32. Bh3 Rb8 33. Bg2 Rc8 34. Bh3 Rb8 35. Bg2 Rc8 36. Rb3 Ree8 37. Bd2 Ra8 38. Rab1 Re7 39. Ra1 Ree8 40. Rab1 Rec8 41. Be3 Re8 42. b5 axb5 43. cxb5 Nd5 44. bxc6 bxc6 45. Bd2 1/2-1/2